00481nam a2200157Ia 4500003000400000008004100004040001600045082002100061100003300082245005900115260004600174300001000220490004600230650001900276650002800295GCL140319s9999 xx 000 0 ara d aGCL / cGCL04aطb229.5bم م1 aمحمد احمد برانق10aاصحاب الفيل / cمحمد احمد برانق a[S.N] : bدار المعارف ، c1993 a30 ص aمجموعة القصص الدينيةv004aالاطفال04aقصص الانبياء